Т. 129, вып. 10; Оптика и спектроскопия

Λεπτομέρειες βιβλιογραφικής εγγραφής
Parent link:Оптика и спектроскопия: научный журнал/ Российская академия наук (РАН). Т. 129, вып. 10.— , 1956-
Γλώσσα:Ρωσικά
Έκδοση: 2021
Διαθέσιμο Online:https://elibrary.ru/contents.asp?id=47133775
https://journals.ioffe.ru/issues/2080
Μορφή: Ηλεκτρονική πηγή Βιβλίο
KOHA link:https://koha.lib.tpu.ru/cgi-bin/koha/opac-detail.pl?biblionumber=586753

MARC

LEADER 00000nam2a2200000 4500
001 586753
005 20231101131422.0
035 |a (RuTPU)RU\TPU\prd\289343 
035 |a RU\TPU\prd\289342 
090 |a 586753 
100 |a 20211129a19569999k y0rusy50 ca 
101 0 |a rus 
102 |a RU 
181 0 |a i  
182 0 |a b 
200 0 |a Т. 129, вып. 10  |b Электронный ресурс 
203 |a Текст  |c электронный 
210 |d 2021 
461 1 |0 (RuTPU)RU\TPU\prd\1660  |t Оптика и спектроскопия  |o научный журнал  |f Российская академия наук (РАН)  |v Т. 129, вып. 10  |d 1956- 
801 0 |a RU  |b 63413507  |c 20010227  |g PSBO 
801 1 |a RU  |b 63413507  |c 20170309 
801 2 |a RU  |b 63413507  |c 20211129  |g RCR 
856 4 0 |u https://elibrary.ru/contents.asp?id=47133775 
856 4 0 |u https://journals.ioffe.ru/issues/2080 
942 |c BK